| 000 | 00982nam a22001937a 4500 | ||
|---|---|---|---|
| 999 |
_c60126 _d60126 |
||
| 003 | Ge_BSU | ||
| 005 | 20230612101119.0 | ||
| 008 | 230612s1953 ge ||||| |||| 00| 0 geo d | ||
| 041 | _ageo | ||
| 080 | _a902(479.222.1)+551.44(479.22) ნ-68 | ||
| 100 |
_aნიორაძე, გ. _94630 |
||
| 245 |
_aქვის ხანის ადამიანი საკაჟიას გამოქვაბულში / _cგ. ნიორაძე; რედ. ო. ჯაფარიძე. |
||
| 264 |
_aთბილისი : _b ტექნიკა და შრომა, _c1953. |
||
| 300 |
_a88 გვ. : _b 76 ფ. ილ. და პორტრ. ; _c 23 სმ. |
||
| 504 | _aბიბლიოგრ. ტექსტის შენიშვნ. | ||
| 653 | _aგამოქვაბულები საქართველოში. ქვის ხანა | ||
| 700 |
_aჯაფარიძე, ო. _eრედაქტორი _917556 |
||
| 942 |
_2udc _cBK |
||